| 000 | 00464nam a22001697a 4500 | ||
|---|---|---|---|
| 003 | NUST - PNEC | ||
| 005 | 20170116181104.0 | ||
| 008 | 151003b xxu||||| |||| 00| 0 eng d | ||
| 020 | _a0672233797 | ||
| 040 | _cLIBRARY | ||
| 082 | _a643.6 AND | ||
| 100 |
_912570 _aLewis, B. L. |
||
| 245 |
_aHome appliance servicing, _cEdwin P. Anderson |
||
| 260 | _cc.1974 | ||
| 650 |
_912574 _aHousehold appliances, Electric--Maintenance and repair _xEE |
||
| 942 |
_2ddc _cBK |
||
| 999 |
_c68888 _d68888 |
||